La vigencia, la eficacia y la aplicacin̤ de las normas cuaderno III /

Detalles Bibliográficos
Otros Autores: Amat Llombart, Pablo, Ferrer Vanrell, Mara̕ Pilar
Formato: Libro
Lenguaje:español
Publicado: Madrid : Dykinson, DL2009
Colección:Cuadernos prc̀ticos Bolonia. parte general; 3
Materias:
Acceso en línea:Acceso restringido

MARC

LEADER 00000nam a2200000 a 4500
005 20110912102844.0
008 091117s2009 sp 001 0 spa c
020 |a 9788498497540 
035 |a 5729 
040 |d vLex 
090 |c 2418  |d 2418 
245 0 3 |a La vigencia, la eficacia y la aplicacin̤ de las normas   |h [Recurso electrn̤ico] :  |b cuaderno III /  |c Pablo Amat Llombart...[et al.]; coordinadora: Mara̕ Pilar Ferrer Vanrell 
256 |a Servicio en ln̕ea. 
260 |a Madrid :  |b Dykinson,  |c DL2009 
300 |a 136 p. 
504 |a Bibliografa̕  
506 1 |a Contenido solo disponible en los productos indicados  |d vLex Global  |d vLex Global (Academic Edition, excluding Law Schools)  |d vLex Global (U.S. Academic Edition, Law Schools)  |d vLex Global (U.S. Academic Edition, excluding Law Schools)  |d vLex Global (Academic Edition, Law Schools) 
650 0 4 |a Norma jurd̕ica 
650 0 4 |a Derecho internacional privado 
700 1 |a Amat Llombart, Pablo  
700 1 |a Ferrer Vanrell, Mara̕ Pilar 
740 0 |a vLex Libros (Servicio en ln̕ea) 
830 0 |a Cuadernos prc̀ticos Bolonia.  |p parte general;  |v 3 
856 4 0 |u http://vlex.com/source/cuadernos-practicos-bolonia-parte-general-vigencia-eficacia-aplicacion-normas-5729  |z Acceso restringido 
942 |c BOOK